| 000 | 01036nam a2200241 a 4500 | ||
|---|---|---|---|
| 999 |
_c12395 _d12395 |
||
| 001 | 12395 | ||
| 003 | BD-JhCC | ||
| 005 | 20220512134022.0 | ||
| 008 | 220203s2021 bg |||| ||a| 000 0 ben d | ||
| 020 | _a9789848046623 | ||
| 035 | _a(BD-JhCC)12395 | ||
| 040 |
_aBD-JhCC _dBD-JhCC |
||
| 041 | _abengali | ||
| 082 |
_a297.1227 _bALQ 2021 |
||
| 245 |
_aমহিমান্বিত কুরআন শব্দে শব্দে অর্থ / _cঅনু: মুফতি আবু উমামা কুতুবুদ্দীন মাহমুদ,মুফতি আব্দুল্লাহ শিহাব। |
||
| 260 |
_aঢাকা : _bসিয়ান পাবলিকেশন লিমিটেড; _c২০২১. |
||
| 300 |
_a934 p. : _c24 cm. |
||
| 650 | _aAl-Quran Dictionary | ||
| 700 | _aমাহমুদ,মুফতি আবু উমামা কুতুবুদ্দীন | ||
| 700 | _aশিহাব,মুফতি আব্দুল্লাহ | ||
| 942 |
_2ddc _cBK _05 |
||